| 000 | 00736nam a22001817a 4500 | ||
|---|---|---|---|
| 005 | 20120419134636.0 | ||
| 020 |
_c550.00 _a817487318x |
||
| 035 | _aB-101170 | ||
| 037 |
_b _adpl |
||
| 082 | _a364 | ||
| 100 |
_aपाण्डेय, गणेश _91042 |
||
| 245 | 1 |
_aअपराध शास्त्र / _cगणेश पाण्डेय |
|
| 260 |
_aनई दिल्ली _bराधा पब्लिकेशन्स _c2004 |
||
| 270 |
_a _b _e _k |
||
| 300 |
_a400पृ. _c22सेमी (सजिल्द) |
||
| 942 |
_adpl _cHN _k _2ddc _h364 _mपाण्डेय |
||
| 999 |
_c65297 _d65297 |
||